International economics / (Record no. 3050)
[ view plain ]
| 000 -LEADER | |
|---|---|
| fixed length control field | 02685nam a2200217Ia 4500 |
| 020 ## - INTERNATIONAL STANDARD BOOK NUMBER | |
| ISBN | 0072877375 (alk. paper) |
| 050 00 - CALL NUMBER | |
| Classification number | HF1359 |
| Item number | .A77 2006 |
| 100 1# - AUTHOR | |
| Personal name | Appleyard, Dennis R. |
| 245 10 - TITLE | |
| Title | International economics / |
| Statement of responsibility, etc | Dennis R. Appleyard, Alfred J. Field, Jr., Steven L. Cobb. |
| 250 ## - EDITION | |
| Edition statement | 5th ed. |
| 260 ## - PUBLICATION INFORMATION | |
| Place of publication | Boston : |
| Name of publisher | McGraw-Hill/Irwin, |
| Year of publication | c2006. |
| 300 ## - DESCRIPTION | |
| Number of Pages | xxvii, 784 p. : |
| Other physical details | ill. ; |
| Dimensions | 26 cm. |
| 500 ## - NOTES | |
| General note | Includes index. |
| 505 ## - FORMATTED CONTENTS NOTE | |
| Table of Content | Ch. 1. The World of International Economics --<br/>pt. I. The Classical Theory of Trade --<br/>Ch. 2. Early Trade Theories: Mercantilism and the Transition to the Classical World of David Ricardo --<br/>Ch. 3. The Classical World of David Ricardo and Comparative Advantage --<br/>Ch. 4. Extensions and Tests of the Classical Model of Trade --<br/>pt. II. Neoclassical Trade History --<br/>Ch. 5. Introduction to Neoclassical Trade Theory: Tools to Be Employed --<br/>Ch. 6. Gains from Trade in Neoclassical Theory --<br/>Ch. 7. Offer Curves and the Terms of Trade --<br/>Ch. 8. The Basis for Trade: Factor Endowments and the Heckscher-Ohlin Model --<br/>Ch. 9. Empirical Tests of the Heckscher-Ohlin Theorem --<br/>pt. III. Alternative Theories and Extensions --<br/>Ch. 10. Alternative Theories of Trade and Intra-Industry Trade --<br/>Ch. 11. Economic Growth and International Trade --<br/>Ch. 12. International Factor Movements --<br/>pt. IV. Trade Policy --<br/>Ch. 13. The Instruments of Trade Policy --<br/>Ch. 14. The Impact of Trade Policies --<br/>Ch. 15. Traditional Arguments for Protection --<br/>Ch. 16. "New Protectionist" Approaches to Trade Policy Intervention --<br/>Ch. 17. Review of Recent U.S. Trade Policy --<br/>Ch. 18. Economic Integration --<br/>Ch. 19. International Trade and the Developing Countries --<br/>pt. V. Fundamentals of International Monetary Economics --<br/>Ch. 20. The Balance of Payments Accounts --<br/>Ch. 21. The Foreign Exchange Market --<br/>Ch. 22. The Monetary and Portfolio Balance Approaches to External Balance --<br/>Ch. 23. Current Account Adjustments to Balance of Payments Disequilibrium: Price and Income Effects --<br/>pt. VI. Macroeconomic Policy in the Open Economy --<br/>Ch. 24. Economic Policy in the Open Economy: Fixed Exchange Rates --<br/>Ch. 25. Economic Policy in the Open Economy: Flexible Exchange Rates --<br/>Ch. 26. Prices and Output in the Open Economy: Aggregate Supply and Demand --<br/>pt. VII. Issues in World Monetary Arrangements --<br/>Ch. 27. Fixed or Flexible Exchange Rates? --<br/>Ch. 28. The International Monetary System: Past, Present, and Future. |
| 650 #0 - SUBJECTS | |
| Topical Term | International economic relations. |
| 650 #0 - SUBJECTS | |
| Topical Term | International trade. |
| 650 #0 - SUBJECTS | |
| Topical Term | International finance. |
| 700 1# - OTHER AUTHORS | |
| Personal name | Field, Alfred J. |
| 700 1# - OTHER AUTHORS | |
| Personal name | Cobb, Steven L. |
| 942 ## - ADDED ENTRY ELEMENTS (KOHA) | |
| Koha item type | Books |
| Withdrawn status | Lost status | Collection code | Home library | Current library | Shelving location | Date acquired | Full call number | Accession Number | Copy number | Koha item type |
|---|---|---|---|---|---|---|---|---|---|---|
| Reference | Methodist University Library Main | Methodist University Library Main | General Stacks | HF1359 .A77 | 22453 | 1 | Books |